[Event "Hofheim Spring op-B 5th"]
[Site "Hofheim"]
[Date "2017.04.11"]
[Round "9"]
[White "Dittenberger, Timo"]
[Black "Lorenz, Hermann"]
[Result "1/2-1/2"]
[WhiteElo "1454"]
[BlackElo "1647"]
[PlyCount "71"]
[EventDate "2017.04.07"]
[EventType "swiss"]
[EventRounds "9"]
[EventCountry "GER"]
[SourceTitle "CBM 178 Extra"]
[Source "ChessBase"]
[SourceDate "2017.06.22"]
[SourceVersion "1"]
[SourceVersionDate "2017.06.22"]
[SourceQuality "1"]

1. d4 Nf6 2. Bf4 g6 3. Nd2 Bg7 4. Ngf3 d5 5. e3 0-0 6. Bd3 Nbd7 7. 0-0 c5 8. c3 c4 9. Bc2 b5 10. a4 bxa4 11. Bxa4 Bb7 12. b3 cxb3 13. Qxb3 Nb6 14. Rfb1 Qc8 15. Bb5 Nfd7 16. c4 dxc4 17. Nxc4 Bxf3 18. gxf3 Nxc4 19. Bxc4 e5 20. Rc1 Qd8 21. dxe5 Nxe5 22. Bd5 Rb8 23. Qd1 Qe7 24. Qa4 Qd6 25. Rd1 Qb6 26. Qe4 Rbe8 27. Rab1 Qc5 28. Qb4 Qc7 29. Rbc1 Qb6 30. Qxb6 axb6 31. Rb1 Rb8 32. Bxe5 Bxe5 33. Rdc1 Bd6 34. Rc6 Bc5 35. Kf1 Rfc8 36. Ke2 1/2-1/2

[Event "GER-chT U14"]
[Site "Verden"]
[Date "2015.12.29"]
[Round "6.3"]
[White "Dittenberger, Timo"]
[Black "Righi, Sofian"]
[Result "0-1"]
[WhiteElo "1393"]
[BlackElo "1673"]
[PlyCount "112"]
[EventDate "2015.12.27"]
[EventType "team-swiss"]
[EventRounds "7"]
[EventCountry "GER"]
[SourceTitle "EXT 2017"]
[Source "ChessBase"]
[SourceDate "2016.10.25"]
[SourceVersion "1"]
[SourceVersionDate "2016.10.25"]
[SourceQuality "1"]
[WhiteTeam "Landskrone"]
[BlackTeam "Duesseldorf"]
[WhiteTeamCountry "GER"]
[BlackTeamCountry "GER"]

1. d4 d5 2. Nf3 e6 3. a3 Nf6 4. Bg5 Be7 5. e3 0-0 6. c4 b6 7. Nbd2 Bb7 8. Be2 Nbd7 9. 0-0 Rc8 10. b4 c5 11. Qb3 dxc4 12. Bxc4 Bd5 13. Bxd5 Nxd5 14. Bxe7 Qxe7 15. bxc5 bxc5 16. e4 Nf4 17. Qe3 Ng6 18. Rac1 cxd4 19. Nxd4 Nb6 20. f4 e5 21. Nc6 Qe8 22. Nxa7 Rxc1 23. Rxc1 Qb8 24. Rb1 Qxa7 25. Qxb6 Qxa3 26. f5 Nf4 27. Qf2 Rd8 28. Nf3 Qc3 29. h3 Nd3 30. Qb6 Qc5+ 31. Qxc5 Nxc5 32. Nxe5 Nxe4 33. Rb7 Nd6 34. Ra7 Re8 35. Rd7 f6 36. Rxd6 Rxe5 37. g4 h5 38. Kg2 h4 39. Rd8+ Kh7 40. Rd3 Ra5 41. Rf3 Kh6 42. Re3 Ra2+ 43. Kf3 Rh2 44. Kf4 Rh1 45. Rf3 Rg1 46. Re3 Rh1 47. Rf3 Ra1 48. Re3 g6 49. fxg6 Kxg6 50. Re4 Rf1+ 51. Ke3 Rh1 52. Kf2 Rxh3 53. Kg2 Rg3+ 54. Kh2 Kg5 55. Re2 Rxg4 56. Rf2 f5 0-1

[Event "GER-chT U14"]
[Site "Verden"]
[Date "2015.12.28"]
[Round "3.3"]
[White "Grueninger, Maxim"]
[Black "Dittenberger, Timo"]
[Result "1-0"]
[WhiteElo "1425"]
[BlackElo "1393"]
[PlyCount "75"]
[EventDate "2015.12.27"]
[EventType "team-swiss"]
[EventRounds "7"]
[EventCountry "GER"]
[SourceTitle "EXT 2017"]
[Source "ChessBase"]
[SourceDate "2016.10.25"]
[SourceVersion "1"]
[SourceVersionDate "2016.10.25"]
[SourceQuality "1"]
[WhiteTeam "Erlangen"]
[BlackTeam "Landskrone"]
[WhiteTeamCountry "GER"]
[BlackTeamCountry "GER"]

1. e4 c5 2. Nf3 d6 3. d4 cxd4 4. Nxd4 Nf6 5. Nc3 e5 6. Nf3 a6 7. Be3 Be7 8. Be2 0-0 9. 0-0 Be6 10. Qd2 Ng4 11. Rfd1 Nxe3 12. Qxe3 Nc6 13. a3 f5 14. exf5 Rxf5 15. Bd3 Rf8 16. Be4 Qc7 17. Qd3 b5 18. Bxh7+ Kh8 19. Bg6 Bc4 20. Qe3 Qa7 21. Nd4 Rf4 22. Nxc6 Qb7 23. Nxe7 Qxe7 24. Ne2 Rg4 25. Bd3 Bxd3 26. Rxd3 Rf8 27. Qh3+ Rh4 28. Qxh4+ Qxh4 29. Rh3 Qxh3 30. gxh3 d5 31. Rd1 d4 32. Kg2 Kh7 33. Rd3 Rc8 34. c3 dxc3 35. Nxc3 Rc6 36. Ne4 Rc2 37. Rd6 Rxb2 38. Ng5+ 1-0

[Event "Hofheim Spring op-B 3rd"]
[Site "Hofheim"]
[Date "2015.04.10"]
[Round "7"]
[White "Martino, Eugenio"]
[Black "Dittenberger, Timo"]
[Result "1/2-1/2"]
[WhiteElo "1607"]
[BlackElo "1460"]
[PlyCount "28"]
[EventDate "2015.04.07"]
[EventType "swiss"]
[EventRounds "9"]
[EventCountry "GER"]
[SourceTitle "CBM 166 Extra"]
[Source "ChessBase"]
[SourceDate "2015.06.18"]
[SourceVersion "1"]
[SourceVersionDate "2015.06.18"]
[SourceQuality "1"]

1. e4 d6 2. d4 Nf6 3. Nc3 g6 4. Nf3 Bg7 5. Bc4 0-0 6. h3 c6 7. Be3 b5 8. Bb3 a5 9. a3 Bd7 10. e5 Ne8 11. Qd2 Nc7 12. Bh6 Be6 13. Bxg7 Kxg7 14. Bxe6 Nxe6 1/2-1/2

[Event "Rheinhessen-ch U14"]
[Site "Oppenheim"]
[Date "2015.01.06"]
[Round "2"]
[White "Kitzinger, Alexander"]
[Black "Dittenberger, Timo"]
[Result "1-0"]
[WhiteElo "1156"]
[BlackElo "1468"]
[PlyCount "125"]
[EventDate "2015.01.03"]
[EventType "swiss"]
[EventRounds "7"]
[EventCountry "GER"]
[SourceTitle "EXT 2017"]
[Source "ChessBase"]
[SourceDate "2016.10.25"]
[SourceVersion "1"]
[SourceVersionDate "2016.10.25"]
[SourceQuality "1"]

1. e4 c5 2. Nf3 Nc6 3. d4 cxd4 4. Nxd4 e5 5. Nb5 d6 6. N1c3 a6 7. Na3 Nf6 8. Bg5 h6 9. Be3 Be7 10. Nd5 0-0 11. Bd3 Ng4 12. Bb6 Qd7 13. Qd2 Bd8 14. 0-0-0 Nf6 15. Nc4 Nxd5 16. exd5 Ne7 17. f4 Nxd5 18. fxe5 Nxb6 19. Kb1 Bg5 20. Nxb6 Bxd2 21. Nxd7 Bxd7 22. Rxd2 dxe5 23. Bxa6 Rxa6 24. Rxd7 Rb6 25. Re7 f6 26. c3 Rb8 27. Rd1 Kh7 28. Rdd7 Kg6 29. Rxg7+ Kf5 30. Rh7 e4 31. Rde7 Rb5 32. Rxh6 Rc8 33. Rh5+ Kf4 34. Rxb5 Ke3 35. Rb4 f5 36. h4 Rh8 37. Re5 Rxh4 38. Rxf5 Kd2 39. Rd4+ Ke3 40. Kc2 Rh2 41. Re5 Rxg2+ 42. Kb3 Rg4 43. Kc4 Kf3 44. Rexe4 Rxe4 45. Rxe4 Kxe4 46. a4 Ke5 47. Kc5 Ke6 48. Kb6 Kd5 49. Kxb7 Kc4 50. a5 Kb3 51. a6 Kxb2 52. a7 Kb3 53. a8Q Kb2 54. c4 Kb3 55. c5 Kc4 56. c6 Kc5 57. c7 Kb5 58. c8R Kb4 59. Qa6 Kb3 60. Qc4+ Kb2 61. Qc3+ Kb1 62. Qc2+ Ka1 63. Ra8# 1-0

[Event "GER-chT U10"]
[Site "Magdeburg"]
[Date "2012.12.28"]
[Round "4.2"]
[White "Dittenberger, Timo"]
[Black "Von Pokrzywnicki, Moritz"]
[Result "1-0"]
[WhiteElo "897"]
[BlackElo "1042"]
[PlyCount "91"]
[EventDate "2012.12.27"]
[EventType "team-swiss"]
[EventRounds "7"]
[EventCountry "GER"]
[SourceTitle "EXT 2014"]
[Source "ChessBase"]
[SourceDate "2013.11.20"]
[SourceVersion "1"]
[SourceVersionDate "2013.11.20"]
[SourceQuality "1"]
[WhiteTeam "Landskrone"]
[BlackTeam "Magdeburg Schachzwerge"]
[WhiteTeamCountry "GER"]
[BlackTeamCountry "GER"]

1. d4 d5 2. c4 dxc4 3. e4 Nf6 4. Nc3 Bg4 5. Be2 Qd7 6. Bxg4 Qxg4 7. Qxg4 Nxg4 8. h3 Nf6 9. Bg5 Nc6 10. Nf3 0-0-0 11. d5 Nb4 12. 0-0 h6 13. Bxf6 exf6 14. a3 Nd3 15. b4 cxb3 16. Rfd1 Ne5 17. Nd4 b2 18. Rab1 Nc4 19. Ndb5 Bc5 20. a4 a6 21. Nd4 f5 22. e5 Bb4 23. Na2 Ba3 24. Nc2 Bc5 25. g3 c6 26. d6 f6 27. e6 Rxd6 28. Rxd6 Bxd6 29. Ne3 b5 30. Nxc4 bxc4 31. Rxb2 Be5 32. Rb6 Kc7 33. Rxa6 c3 34. e7 c2 35. a5 Kb7 36. Rb6+ Ka7 37. Rxc6 Re8 38. Rxc2 Rxe7 39. Nb4 Kb7 40. a6+ Kb6 41. Nd5+ Kxa6 42. Nxe7 f4 43. gxf4 Bxf4 44. Nd5 Bd6 45. Rc6+ Kb7 46. Rxd6 1-0

[Event "GER-chT U10"]
[Site "Magdeburg"]
[Date "2012.12.28"]
[Round "5.2"]
[White "Suvorov, Alexander"]
[Black "Dittenberger, Timo"]
[Result "1-0"]
[WhiteElo "1425"]
[BlackElo "897"]
[PlyCount "89"]
[EventDate "2012.12.27"]
[EventType "team-swiss"]
[EventRounds "7"]
[EventCountry "GER"]
[SourceTitle "EXT 2014"]
[Source "ChessBase"]
[SourceDate "2013.11.20"]
[SourceVersion "1"]
[SourceVersionDate "2013.11.20"]
[SourceQuality "1"]
[WhiteTeam "Porz SG"]
[BlackTeam "Landskrone"]
[WhiteTeamCountry "GER"]
[BlackTeamCountry "GER"]

1. d4 d5 2. Nf3 Nf6 3. c4 c6 4. cxd5 cxd5 5. Nc3 Nc6 6. Bf4 Bf5 7. e3 Nb4 8. Qa4+ Nc6 9. Bb5 Qb6 10. 0-0 a6 11. Bxc6+ bxc6 12. b3 e6 13. Ne5 Rc8 14. Rac1 Bb4 15. a3 Bxc3 16. Rxc3 0-0 17. Rxc6 Rxc6 18. Nxc6 Bc2 19. Nb4 a5 20. Nxc2 Ne4 21. b4 axb4 22. Qxb4 Qxb4 23. Nxb4 g5 24. Bg3 h5 25. f3 Nxg3 26. hxg3 Ra8 27. Ra1 Kg7 28. a4 f5 29. a5 Kf7 30. a6 Ke7 31. Rc1 Kf6 32. Rc7 Kg6 33. a7 h4 34. gxh4 gxh4 35. Nc6 Kg5 36. Rb7 f4 37. Rb8 Rxa7 38. Nxa7 fxe3 39. Kf1 Kf4 40. Ke2 Kg3 41. Rg8+ Kh2 42. Kxe3 Kg1 43. Nc6 h3 44. gxh3+ Kh2 45. h4 1-0